[Event "Tabor op"]
[Site "Tabor"]
[Date "2010.08.07"]
[Round "8"]
[White "Sakar, Milos"]
[Black "Matejka, Radek"]
[Result "0-1"]
[WhiteElo "2087"]
[BlackElo "1970"]
[PlyCount "100"]
[EventDate "2010.08.01"]
[EventType "swiss"]
[EventRounds "9"]
[EventCountry "CZE"]
[SourceTitle "EXT 2012"]
[Source "ChessBase"]
[SourceDate "2011.11.24"]
[SourceVersion "1"]
[SourceVersionDate "2011.11.24"]
[SourceQuality "1"]

1. c4 Nf6 2. Nc3 d5 3. cxd5 Nxd5 4. g3 g6 5. Bg2 c6 6. d4 Bg7 7. e3 0-0 8. Nge2 Nxc3 9. bxc3 e5 10. 0-0 Be6 11. Qc2 Qa5 12. Bd2 Bc4 13. Rfe1 f5 14. Nc1 Nd7 15. Nb3 Qc7 16. Bf1 Bf7 17. c4 Rad8 18. Ba5 b6 19. Bc3 exd4 20. exd4 Nf6 21. f3 f4 22. g4 Rfe8 23. Qb2 Re3 24. Rxe3 fxe3 25. Be1 Qf4 26. Kg2 h5 27. Bg3 Qh6 28. Be2 hxg4 29. fxg4 Ne4 30. Bc7 Rd7 31. Be5 Bxe5 32. dxe5 Nd2 33. e6 Bxe6 34. Qe5 Bf7 35. g5 Qh4 36. Qxe3 Nxc4 37. Bxc4 Qxc4 38. Rc1 Qg4+ 39. Qg3 Bd5+ 40. Kg1 Qe4 41. Re1 Qh1+ 42. Kf2 Rf7+ 43. Ke2 Re7+ 44. Kd2 Rxe1 45. Qxe1 Qxe1+ 46. Kxe1 Bxb3 47. axb3 Kf7 48. Kd2 Ke6 49. Ke3 Kf5 50. h4 Kg4 0-1

[Event "Tabor op"]
[Site "Tabor"]
[Date "2010.08.02"]
[Round "3"]
[White "Matejka, Radek"]
[Black "Lahiri, Atanu"]
[Result "0-1"]
[WhiteElo "1970"]
[BlackElo "2353"]
[PlyCount "86"]
[EventDate "2010.08.01"]
[EventType "swiss"]
[EventRounds "9"]
[EventCountry "CZE"]
[SourceTitle "EXT 2012"]
[Source "ChessBase"]
[SourceDate "2011.11.24"]
[SourceVersion "1"]
[SourceVersionDate "2011.11.24"]
[SourceQuality "1"]

1. d4 Nf6 2. c4 g6 3. g3 Bg7 4. Bg2 0-0 5. Nc3 d6 6. Nf3 Nbd7 7. 0-0 e5 8. dxe5 dxe5 9. Bg5 h6 10. Bxf6 Qxf6 11. Nd5 Qd8 12. e4 Nc5 13. Re1 c6 14. Nc3 Be6 15. b3 Qb6 16. Qc2 a5 17. Rad1 Qb4 18. Bf1 a4 19. Nxa4 Nxa4 20. bxa4 Rxa4 21. Rb1 Qa5 22. Rb4 Rxa2 23. Rb2 Ra3 24. Rb3 Bg4 25. Rxa3 Qxa3 26. Re3 Qc5 27. Nd2 Ra8 28. Qb1 Bf8 29. Rb3 Be6 30. Qb2 Bd6 31. Rxb7 Qa5 32. Rb6 Rd8 33. Nf3 Bg4 34. Kg2 Ba3 35. Qb3 Bxf3+ 36. Kxf3 Rd6 37. Rb7 Bc5 38. Rb8+ Kg7 39. Qb2 Rf6+ 40. Kg4 Bd4 41. Qb7 Qe1 42. Qc8 Qd1+ 43. Kh3 Qh5+ 0-1

[Event "Tabor op"]
[Site "Tabor"]
[Date "2010.08.02"]
[Round "2"]
[White "Matejka, Radek"]
[Black "Stursa, Jan"]
[Result "1-0"]
[WhiteElo "1970"]
[BlackElo "2136"]
[PlyCount "119"]
[EventDate "2010.08.01"]
[EventType "swiss"]
[EventRounds "9"]
[EventCountry "CZE"]
[SourceTitle "EXT 2012"]
[Source "ChessBase"]
[SourceDate "2011.11.24"]
[SourceVersion "1"]
[SourceVersionDate "2011.11.24"]
[SourceQuality "1"]

1. d4 Nf6 2. c4 g6 3. g3 Bg7 4. Bg2 0-0 5. Nc3 d6 6. e4 Nbd7 7. Nge2 e5 8. 0-0 c6 9. f4 exd4 10. Nxd4 Qb6 11. Na4 Qa6 12. b3 Nc5 13. Nxc5 dxc5 14. Nc2 Nxe4 15. Bxe4 Bxa1 16. Nxa1 Qxa2 17. Nc2 Qxb3 18. f5 Qxc4 19. fxg6 Qxe4 20. gxf7+ Rxf7 21. Qd8+ Kg7 22. Bb2+ Kh6 23. Rxf7 Bh3 24. Qf6+ Kh5 25. Qf2 Rd8 26. Ne3 Qb1+ 27. Nf1 Qxf1+ 28. Qxf1 Bxf1 29. Kxf1 Rd2 30. Rxh7+ Kg4 31. Rxb7 Rxh2 32. Be5 a5 33. Rf7 Rh5 34. Bf4 c4 35. Kg2 Rb5 36. Bc1 c3 37. Rf4+ Kh5 38. Rh4+ Kg6 39. Rh6+ Kf5 40. Rxc6 Rb3 41. Rc5+ Ke4 42. Rxa5 Rb1 43. Bf4 Rb2+ 44. Kh3 Rf2 45. Kg4 c2 46. Rc5 Kd4 47. Rc7 Ke4 48. Kg5 Rg2 49. Rc8 Rf2 50. Rc7 Rg2 51. Kf6 Rf2 52. Ke6 Rg2 53. Rc4+ Kd3 54. Kd5 Rg1 55. Rc6 Rf1 56. Ke5 Ra1 57. Kf6 Rf1 58. Rc5 Rf2 59. Kf5 Kd4 60. Rc7 1-0

[Event "CZE-chT2A 0910"]
[Site "Czech Republic"]
[Date "2010.04.18"]
[Round "11.6"]
[White "Randa, Miroslav"]
[Black "Matejka, Radek"]
[Result "1/2-1/2"]
[WhiteElo "2124"]
[BlackElo "1949"]
[PlyCount "116"]
[EventDate "2009.10.18"]
[EventType "team-tourn"]
[EventRounds "11"]
[EventCountry "CZE"]
[SourceTitle "EXT 2012"]
[Source "ChessBase"]
[SourceDate "2011.11.24"]
[SourceVersion "1"]
[SourceVersionDate "2011.11.24"]
[SourceQuality "1"]
[WhiteTeam "Line"]
[BlackTeam "Pisek Platan"]
[WhiteTeamCountry "CZE"]
[BlackTeamCountry "CZE"]

1. e4 e5 2. Nf3 Nf6 3. Nc3 Nc6 4. d4 exd4 5. Nd5 Nxd5 6. exd5 Bb4+ 7. Bd2 Qe7+ 8. Qe2 Bxd2+ 9. Kxd2 Qxe2+ 10. Bxe2 Ne7 11. d6 cxd6 12. Nxd4 0-0 13. Rhe1 d5 14. Bf3 Nc6 15. Nb5 d4 16. Nd6 b5 17. Bd5 Rb8 18. Re4 Ba6 19. Rae1 Na5 20. Rxd4 Nc4+ 21. Nxc4 bxc4 22. b3 cxb3 23. Bxb3 Bb5 24. Re7 Rb6 25. a4 Bc6 26. Rf4 h6 27. Rfxf7 Rxf7 28. Re8+ Kh7 29. Bxf7 Bxa4 30. Bc4 Bb5 31. Bb3 Rd6+ 32. Ke3 Rd1 33. Kf4 Rd2 34. Kg3 a6 35. h4 Kg6 36. Rf8 Rd6 37. h5+ Kxh5 38. Bf7+ Kg5 39. Be8 Rf6 40. Rg8 g6 41. Rg7 Rd6 42. Rf7 h5 43. f4+ Kh6 44. f5 g5 45. f6 h4+ 46. Kh3 Bc4 47. Rf8 Be6+ 48. Kh2 g4 49. g3 Rd2+ 50. Kg1 hxg3 51. Rh8+ Kg5 52. f7 Bxf7 53. Bxf7 Rxc2 54. Ra8 Kf4 55. Rxa6 Rc1+ 56. Kg2 Rc2+ 57. Kg1 Rc1+ 58. Kg2 Rc2+ 1/2-1/2

[Event "CZE-chT2A 0910"]
[Site "Czech Republic"]
[Date "2010.03.14"]
[Round "9.6"]
[White "Kaderavek, Jan"]
[Black "Matejka, Radek"]
[Result "1-0"]
[WhiteElo "2071"]
[BlackElo "1949"]
[PlyCount "47"]
[EventDate "2009.10.18"]
[EventType "team-tourn"]
[EventRounds "11"]
[EventCountry "CZE"]
[SourceTitle "EXT 2012"]
[Source "ChessBase"]
[SourceDate "2011.11.24"]
[SourceVersion "1"]
[SourceVersionDate "2011.11.24"]
[SourceQuality "1"]
[WhiteTeam "Plzen Letna"]
[BlackTeam "Pisek Platan"]
[WhiteTeamCountry "CZE"]
[BlackTeamCountry "CZE"]

1. d4 Nf6 2. g3 e6 3. Bg2 d5 4. Nf3 c5 5. 0-0 Nc6 6. c4 dxc4 7. dxc5 Qxd1 8. Rxd1 Bxc5 9. Nbd2 c3 10. bxc3 Na5 11. Nd4 Bd7 12. N2b3 Bxd4 13. cxd4 Ba4 14. Ba3 Nxb3 15. axb3 Bxb3 16. Rab1 Bd5 17. Bxd5 Nxd5 18. Rxb7 a6 19. Rdb1 g6 20. e4 Nc3 21. Re7+ Kd8 22. Rbb7 Nxe4 23. Rxf7 Ng5 24. Be7+ 1-0

[Event "CZE-chT2A 0910"]
[Site "Czech Republic"]
[Date "2010.01.17"]
[Round "5.6"]
[White "Koubek, Vaclav"]
[Black "Matejka, Radek"]
[Result "1-0"]
[WhiteElo "2071"]
[BlackElo "1949"]
[PlyCount "75"]
[EventDate "2009.10.18"]
[EventType "team-tourn"]
[EventRounds "11"]
[EventCountry "CZE"]
[SourceTitle "EXT 2012"]
[Source "ChessBase"]
[SourceDate "2011.11.24"]
[SourceVersion "1"]
[SourceVersionDate "2011.11.24"]
[SourceQuality "1"]
[WhiteTeam "Zizkov"]
[BlackTeam "Pisek Platan"]
[WhiteTeamCountry "CZE"]
[BlackTeamCountry "CZE"]

1. e4 c5 2. Nc3 g6 3. g3 Bg7 4. Bg2 Nc6 5. d3 e6 6. Be3 d6 7. Qd2 Nge7 8. Bh6 0-0 9. h4 Nd4 10. h5 Bxh6 11. Qxh6 Nef5 12. exf5 Nxf5 13. Qd2 g5 14. h6 Bd7 15. Nge2 Bc6 16. Bxc6 bxc6 17. Rh5 f6 18. g4 Nh4 19. 0-0-0 e5 20. f4 Qd7 21. f5 Qe7 22. Ng1 Rab8 23. Re1 Rb4 24. Re4 Rfb8 25. Rxb4 Rxb4 26. Qe2 Qf7 27. a3 Rb8 28. b3 d5 29. Na4 Qe7 30. Nf3 Nxf3 31. Qxf3 c4 32. Kb2 cxb3 33. cxb3 Qb7 34. Qd1 Qb5 35. Ka2 Re8 36. Rh2 e4 37. dxe4 dxe4 38. Qd7 1-0

[Event "CZE-chT2A 0910"]
[Site "Czech Republic"]
[Date "2009.11.17"]
[Round "4.7"]
[White "Stolz, Lubor"]
[Black "Matejka, Radek"]
[Result "0-1"]
[WhiteElo "1923"]
[BlackElo "1949"]
[PlyCount "94"]
[EventDate "2009.10.18"]
[EventType "team-tourn"]
[EventRounds "11"]
[EventCountry "CZE"]
[SourceTitle "EXT 2012"]
[Source "ChessBase"]
[SourceDate "2011.11.24"]
[SourceVersion "1"]
[SourceVersionDate "2011.11.24"]
[SourceQuality "1"]
[WhiteTeam "Zebrak"]
[BlackTeam "Pisek Platan"]
[WhiteTeamCountry "CZE"]
[BlackTeamCountry "CZE"]

1. d4 Nf6 2. Bf4 e6 3. Nf3 d5 4. e3 Be7 5. Be2 0-0 6. 0-0 c5 7. c3 Nc6 8. Nbd2 Nh5 9. Bg5 Bxg5 10. Nxg5 Qxg5 11. Bxh5 b6 12. f4 Qh6 13. Be2 Ne7 14. dxc5 bxc5 15. Nb3 c4 16. Nd4 Bd7 17. b4 Qf6 18. Qd2 Rfe8 19. Nf3 Ba4 20. Ne5 Rad8 21. g4 Nc6 22. Nxc6 Bxc6 23. a4 e5 24. b5 Ba8 25. Rae1 Qb6 26. f5 Rd6 27. Bf3 e4 28. Be2 a6 29. Rb1 axb5 30. Rxb5 Qa6 31. Rb4 Rb6 32. Rfb1 Reb8 33. Rxb6 Rxb6 34. Rxb6 Qxb6 35. Qd4 Qxd4 36. exd4 f6 37. a5 Kf8 38. Bd1 Ke7 39. Ba4 Kd6 40. Be8 Kc7 41. Bf7 Bc6 42. h4 h6 43. Kf2 Kb7 44. Ke2 Ka6 45. Kd2 Kxa5 46. h5 Ka4 47. Be6 Kb3 0-1

[Event "Tabor op"]
[Site "Tabor"]
[Date "2009.08.09"]
[Round "9"]
[White "Valek, Tomas"]
[Black "Matejka, Radek"]
[Result "0-1"]
[WhiteElo "1822"]
[BlackElo "1950"]
[PlyCount "42"]
[EventDate "2009.08.02"]
[EventType "swiss"]
[EventRounds "9"]
[EventCountry "CZE"]
[SourceTitle "CBM 131 Extra"]
[Source "ChessBase"]
[SourceDate "2009.09.03"]
[SourceVersion "2"]
[SourceVersionDate "2009.09.16"]
[SourceQuality "1"]

1. f4 d5 2. Nf3 Nf6 3. b3 e6 4. Bb2 Be7 5. e3 0-0 6. c4 c6 7. d3 b5 8. Nbd2 Qa5 9. Be2 dxc4 10. dxc4 Rd8 11. Nd4 bxc4 12. Bxc4 c5 13. Nb5 Ne4 14. 0-0 Rxd2 15. Qc1 Rd8 16. Be5 Na6 17. f5 Qd2 18. fxe6 Bxe6 19. Bxe6 fxe6 20. Qc4 Qd5 21. Rf4 Qxe5 0-1